000 00438nam a2200193Ia 4500
001 72279
008 160401s9999 xx 000 0 und d
020 _a9780415449489
040 _cPK-LaUMT
082 _a 291
_bNYE-R
100 _aNye, Malory
245 _aReligion
_bthe basics
_cNye, Malory
250 _a2nd
260 _aLondon,UK:
_bRoutledge,
_c2004
300 _a232 p.
546 _aEN
650 _aReligion
942 _cBK
999 _c85259
_d85259